Transporte aéreo en turismo
Saved in:
| Hovedforfatter: | |
|---|---|
| Format: | Bog |
| Sprog: | spansk |
| Udgivet: |
Buenos Aires
Mario Banchik
2003
|
| Udgivelse: | 1a. ed |
| Serier: | Temas de Turismo
|
| Fag: | |
| Tags: |
Tilføj Tag
Ingen Tags, Vær først til at tagge denne postø!
|
MARC
| LEADER | 00000nam a2200000 a 4500 | ||
|---|---|---|---|
| 001 | UCI5044 | ||
| 003 | CL-VaPUC | ||
| 008 | 080311e20030000AG |||||||||||||||||spa|d | ||
| 020 | |a 9879473183 | ||
| 082 | 0 | 4 | |a 388.742 |b WAL |2 21 |
| 100 | 0 | |a Wallingre, Noemi |e author |9 527123 | |
| 245 | 1 | 0 | |a Transporte aéreo en turismo |
| 250 | |a 1a. ed | ||
| 300 | |a 287 p | ||
| 942 | |c BK | ||
| 945 | |d 20080311 00:00:00 |a cmena | ||
| 260 | |a Buenos Aires |b Mario Banchik |c 2003 | ||
| 650 | 0 | |a Transportes aéreos |9 260842 | |
| 650 | 7 | |a TRANSPORTE DE PASAJEROS |2 CL-VaPUC |9 260885 | |
| 650 | 0 | |a Turismo |9 308920 | |
| 650 | 0 | |a Aeropuertos |9 261061 | |
| 583 | |a last modification |c 20080311 00:00:00 |k Rodrigo Vera | ||
| 490 | 0 | |a Temas de Turismo | |
| 999 | |c 328808 |d 328806 | ||